Carlos Ibáñez de Ibero, Marqués de Mulhacén. (Record no. 189011)

MARC details
000 -LEADER
campo de control de longitud fija 00640nam a2200193 i 4500
001 - NÚMERO DE CONTROL
campo de control 189011
003 - IDENTIFICADOR DE NÚMERO DE CONTROL
campo de control SpMaBN
005 - FECHA Y HORA DE LA ÚLTIMA TRANSACCIÓN
campo de control 20250406000902.0
008 - DATOS DE LONGITUD FIJA--INFORMACIÓN GENERAL
campo de control de longitud fija 190320s1960 sp |||| |bspa d
080 ## - NÚMERO DE LA CLASIFICACIÓN DECIMAL UNIVERSAL
Número de la Clasificación Decimal Universal 929:012 Ibañez de Ibero, Carlos, Marqués de Mulhacen
245 00 - MENCIÓN DEL TÍTULO
Título Carlos Ibáñez de Ibero, Marqués de Mulhacén.
260 ## - PUBLICACIÓN, DISTRIBUCIÓN, ETC.
Lugar de publicación, distribución, etc. Madrid :
Nombre del editor, distribuidor, etc. [s.n.],
Fecha de publicación, distribución, etc. 1960 (
Fabricante Gráf. E.M.A.)
300 ## - DESCRIPCIÓN FÍSICA
Extensión 15 p. ;
Dimensiones 21 cm.
504 ## - NOTA DE BIBLIOGRAFÍA, ETC.
Nota de bibliografía, etc. Bibliografía: p. 11-15.
600 17 - PUNTO DE ACCESO ADICIONAL DE MATERIA--NOMBRE DE PERSONA
Nombre de persona Ibáñez de Ibero, Carlos,
Títulos y otros términos asociados al nombre Marqués de Mulhacén,
Fechas asociadas al nombre 1888-1966
Fuente del encabezamiento o término
9 (RLIN) 151481
852 ## - LOCALIZACIÓN
Ubicación ES-MaACL
Número de control de estantería 2338-F-18
852 ## - LOCALIZACIÓN
Ubicación ES-MaACL
Número de control de estantería 2340-F-22
Holdings
Estatus retirado Estado de pérdida Estado de daño No para préstamo Colección Biblioteca de origen Biblioteca actual Ubicación en estantería Fecha de adquisición Fuente de adquisición Total de préstamos Signatura topográfica completa Código de barras Visto por última vez Precio de reemplazo Tipo de ítem Koha
        Colección de folletos Biblioteca del Ateneo de Madrid Biblioteca del Ateneo de Madrid Depósito folletos 20/03/2019     2338-F-18 1200179 23/02/2023 23/02/2023 Folleto
        Colección de folletos Biblioteca del Ateneo de Madrid Biblioteca del Ateneo de Madrid Depósito folletos 03/06/2019     2340-F-22 1200742 23/02/2023 23/02/2023 Folleto